| 000 | 00491nam a22001817a 4500 | ||
|---|---|---|---|
| 003 | CEME | ||
| 005 | 20210628205039.0 | ||
| 008 | 210224b xxu||||| |||| 00| 0 eng d | ||
| 020 | _a0-89006-900-X | ||
| 040 | _c. | ||
| 082 | _a621.3848 RIH'P | ||
| 100 |
_aRihaczek, August W _973605 |
||
| 245 | _a Principles of high resolution radar | ||
| 260 |
_aBOSTON _bARTECH HOUSE _c1996 |
||
| 300 | _a498P | ||
| 650 |
_aRESOLUTION PATTERN RECOGNITION RADAR TARGET RADAR _973606 |
||
| 942 |
_cBK _2ddc |
||
| 999 |
_c579285 _d579285 |
||